Top 10 pays africains par point culminant - Statistiques

Statistiques générales
  • Ce quiz a été pris 191 fois
  • Le résultat moyen est 6 sur 10
Statistiques - réponses
Mètres Pays % Correct
5 199m Kenya
86%
5 892m Tanzanie
81%
3 450m Afrique du Sud
73%
5 110m RD.Congo
70%
4 165m Maroc
67%
4 550m Ethiopie
63%
4 507m Rwanda
55%
5 110m Ouganda
51%
3 482m Lesotho
31%
4 040m Cameroun
23%
Aucun quiz correspondant
Distribution des résultats
% des personnes avec chaque résultat
Percentile par nombre de réponses
Votre historique - résultats
Vous n’avez pas pris ce quiz